West Virginia.

Bibliographic Details
Corporate Author: Geological Survey (U.S.)
Format: Government Document Book
Language:English
Published: [Reston, Va.] : [U.S. Dept. of the Interior, U.S. Geological Survey], [1999?]
Series:Fact sheet (Geological Survey (U.S.)) ; FS-99-050.
Subjects:

MARC

Tag First Indicator Second Indicator Subfields
LEADER 00000cam a2200000 a 4500
001 in00000005638
005 20150929180015.0
008 990915s1999 vauab f000 0 eng d
035 |a (OCoLC)42371949 
035 |9 AJK6362AM 
040 |a GPO  |c GPO  |d DLC  |d MvI  |d UtOrBLW 
043 |a n-us-wv 
049 |a UDOC 
074 |a 0621-L 
086 0 |a I 19.127:050-99 
245 0 0 |a West Virginia. 
246 1 |i At head of title:  |a USGS, science for a changing world 
264 1 |a [Reston, Va.] :  |b [U.S. Dept. of the Interior, U.S. Geological Survey],  |c [1999?] 
300 |a 4 unnumbered pages :  |b color illustrations, color map ;  |c 28 cm. 
336 |a text  |b txt  |2 rdacontent 
337 |a unmediated  |b n  |2 rdamedia 
338 |a volume  |b nc  |2 rdacarrier 
490 1 |a USGS Fact sheet ;  |v 050-99 
500 |a Caption title. 
500 |a Shipping list number: 99-0353-P. 
500 |a "August 1999"--P. [1]. 
650 0 |a Water quality  |z West Virginia. 
650 0 |a Hydrogeological surveys  |z West Virginia. 
650 0 |a Water  |x Pollution  |z West Virginia. 
710 2 |a Geological Survey (U.S.) 
830 0 |a Fact sheet (Geological Survey (U.S.)) ;  |v FS-99-050. 
999 |a MARS 
999 f f |s 9b23871d-af48-309b-b142-0e7fe2aa3f10  |i 91ae2943-4f8a-3f53-8ae9-21dbc69abd50  |t 0 
952 f f |p normal  |a Texas A&M University  |b College Station  |c Sterling C. Evans Library  |d Evans: US Documents (Annex 5th floor)  |t 0  |e I 19.127:050-99  |h Superintendent of Documents classification  |i unmediated -- volume  |m A14824289372 
998 f f |a I 19.127:050-99  |t 0  |l Evans: US Documents (Annex 5th floor)